005150000a22001930004500082002400000518001300024530000800037100002500045245004900070260002100119502005700140260001400197300001000211041000800221500002600229650002200255650002100277650002300298 aN895.5109bD323ncD a20061114 aDis aPandey, Kamal Prasad aNepali samalochanako adhyayan B.S. 1979-2003 aKathmandu, Nepal aDissertationbDegree in Nepali, Tribhuvan University c2062 B.S. a147p. aNep aIncludes bibliography aNepali literature aLiterary history aLiterary criticism